000 00585nam a2200169 i 4500
001 20635
003 ES-MaACL
005 20230906152334.0
007 t|
008 021115s1973 sp f |||| | spa d
100 1 _aAcosta Medina, José.
_918313
245 1 3 _aLa Granada de ayer
_b: medio siglo de historia, con alguna que otra fantasía y muchas anécdotas /
_cJosé Acosta Medina.
260 _aGranada :
_b[s.n.,
_c1973] (
_fImp. Márquez)
300 _a380 p., 4 lám. ;
_c21 cm.
651 4 _aGranada-
_xHistoria-
_yS.XX-
_vRelatos personales.
_9169598
852 _aES-MaACL
_jC-54332
999 _c20635
_d20635